000 00854nam a2200265Ia 4500
003 OSt
005 20220923215937.0
006 a|||||r|||| 00| 0
007 ta
008 220922b |||||||| |||| 00| 0 hin d
024 _a183,024
037 _cTextual
040 _aARTS
_cARTS
_bhin
041 _2hin
_ahin
082 _aO152,1N177x, M0.1-.5
100 _aजैन, नेमिचन्द्र
245 0 _aमुक्तिबोध रचनावली
246 _aMuktibodh rachanāvalī
260 _aदिल्ली
_b राजकमल प्रकाशन
_c1980
300 _aHkkx 6
_ccm.
490 _vखंड 3
650 _aहिन्दी साहित्य
_9156264
942 _hO152,1N177x, M0.1-.5
_cTEXL
_2CC
999 _c336380
_d336380